[Event "Hoogeveen Open 2016"]
[Site "Hoogeveen"]
[Date "2016.10.22"]
[Round "9.15"]
[White "Vedder, Richard"]
[Black "De Jong, Migchiel"]
[Result "1/2-1/2"]
[BlackElo "2330"]
[WhiteElo "2205"]
[LiveChessVersion "1.4.8"]

1. e4 {[%clk 1:30:57]} e6 {[%clk 1:30:44]} 2. d4 {[%clk 1:31:24]} d5
{[%clk 1:31:06]} 3. exd5 {[%clk 1:31:32]} exd5 {[%clk 1:31:28]} 4. Bd3
{[%clk 1:31:59]} c5 {[%clk 1:30:47]} 5. dxc5 {[%clk 1:32:01]} Bxc5
{[%clk 1:31:06]} 6. Nf3 {[%clk 1:32:20]} Nf6 {[%clk 1:29:57]} 7. O-O
{[%clk 1:32:44]} O-O {[%clk 1:30:08]} 8. h3 {[%clk 1:31:12]} Nc6 {[%clk 1:28:45]}
9. Nbd2 {[%clk 1:30:15]} Re8 {[%clk 1:26:03]} 10. Nb3 {[%clk 1:30:35]} Bb6
{[%clk 1:26:18]} 11. Bg5 {[%clk 1:28:27]} h6 {[%clk 1:24:55]} 12. Bh4
{[%clk 1:28:40]} g5 {[%clk 1:24:38]} 13. Bg3 {[%clk 1:28:48]} Ne4
{[%clk 1:24:34]} 14. Bxe4 {[%clk 1:28:42]} dxe4 {[%clk 1:24:26]} 15. Qxd8
{[%clk 1:27:27]} Rxd8 {[%clk 1:20:51]} 16. Ne5 {[%clk 1:27:44]} f5
{[%clk 1:20:04]} 17. Nxc6 {[%clk 1:26:35]} bxc6 {[%clk 1:20:28]} 18. Be5
{[%clk 1:26:55]} Rd5 {[%clk 1:20:09]} 19. Bc3 {[%clk 1:26:27]} Ba6
{[%clk 1:18:28]} 20. Rfe1 {[%clk 1:26:28]} Re8 {[%clk 1:17:28]} 21. Rad1
{[%clk 1:21:31]} Rxd1 {[%clk 1:17:00]} 22. Rxd1 {[%clk 1:21:58]} f4
{[%clk 1:17:23]} 23. Ba5 {[%clk 1:15:48]} e3 {[%clk 1:15:37]} 24. Bxb6
{[%clk 1:16:03]} axb6 {[%clk 1:15:58]} 25. fxe3 {[%clk 1:15:06]} fxe3
{[%clk 1:14:56]} 26. Re1 {[%clk 1:15:18]} c5 {[%clk 1:13:50]} 27. g3
{[%clk 1:13:27]} Rd8 {[%clk 1:10:29]} 28. Rxe3 {[%clk 1:11:11]} c4
{[%clk 1:10:36]} 29. Re6 {[%clk 1:11:12]} cxb3 {[%clk 1:10:44]} 30. axb3
{[%clk 1:10:52]} Rd1+ {[%clk 1:09:46]} 31. Kf2 {[%clk 1:11:09]} Kg7
{[%clk 0:59:15]} 32. Rxb6 {[%clk 1:11:12]} Bc8 {[%clk 0:59:31]} 33. c4
{[%clk 1:06:10]} Bxh3 {[%clk 0:59:38]} 34. c5 {[%clk 1:06:20]} Rd2+
{[%clk 0:58:53]} 35. Ke3 {[%clk 1:06:36]} Rxb2 {[%clk 0:58:41]} 36. c6
{[%clk 1:06:44]} Rc2 {[%clk 0:58:30]} 37. b4 {[%clk 1:06:58]} Bg2
{[%clk 0:58:01]} 38. b5 {[%clk 1:07:12]} h5 {[%clk 0:58:18]} 39. Rb7+
{[%clk 1:06:45]} Kg6 {[%clk 0:58:31]} 40. Rb8 {[%clk 1:06:56]} Kf5
{[%clk 0:58:32]} 41. Rf8+ {[%clk 1:04:19]} Kg4 {[%clk 0:58:49]} 42. Rh8
{[%clk 1:02:55]} Bf1 {[%clk 0:57:18]} 43. b6 {[%clk 1:02:57]} Rxc6
{[%clk 0:55:35]} 44. b7 {[%clk 1:03:24]} Rb6 {[%clk 0:55:50]} 45. b8=Q
{[%clk 1:03:30]} Rxb8 {[%clk 0:56:15]} 46. Rxb8 {[%clk 1:03:55]} Kxg3
{[%clk 0:56:39]} 47. Rb1 {[%clk 1:00:48]} Bg2 {[%clk 0:55:31]} 48. Rb5
{[%clk 1:00:48]} Kh4 {[%clk 0:55:32]} 49. Kf2 {[%clk 1:00:57]} Bc6
{[%clk 0:54:23]} 50. Rb6 {[%clk 1:01:09]} Be8 {[%clk 0:52:15]} 51. Rb8
{[%clk 1:01:17]} Bg6 {[%clk 0:52:36]} 52. Rb6 {[%clk 1:01:36]} Bf5
{[%clk 0:49:58]} 53. Rb5 {[%clk 1:02:01]} Bh3 {[%clk 0:50:04]} 54. Rb4+
{[%clk 1:01:42]} g4 {[%clk 0:49:16]} 55. Rb3 {[%clk 1:02:06]} Kg5
{[%clk 0:49:16]} 56. Rxh3 {[%clk 1:02:25]} gxh3 {[%clk 0:49:40]} 57. Kg3
{[%clk 1:02:52]} 1/2-1/2

[Event "Hoogeveen Open 2016"]
[Site "Hoogeveen"]
[Date "2016.10.22"]
[Round "9.16"]
[White "Colijn, Stefan"]
[Black "De Graaf, Dick"]
[Result "1-0"]
[BlackElo "2195"]
[WhiteElo "2293"]
[LiveChessVersion "1.4.8"]

1. c4 {[%clk 1:30:54]} c6 {[%clk 1:30:24]} 2. g3 {[%clk 1:30:42]} d6
{[%clk 1:30:07]} 3. Bg2 {[%clk 1:30:59]} g6 {[%clk 1:30:32]} 4. Nc3
{[%clk 1:31:14]} Bg7 {[%clk 1:30:58]} 5. e4 {[%clk 1:29:33]} Na6 {[%clk 1:31:21]}
6. Nge2 {[%clk 1:29:52]} Rb8 {[%clk 1:31:04]} 7. a3 {[%clk 1:26:38]} Nf6
{[%clk 1:30:44]} 8. O-O {[%clk 1:26:52]} O-O {[%clk 1:31:12]} 9. b4
{[%clk 1:24:26]} Nc7 {[%clk 1:26:43]} 10. d4 {[%clk 1:20:00]} e5 {[%clk 1:24:29]}
11. h3 {[%clk 1:18:39]} exd4 {[%clk 1:11:26]} 12. Nxd4 {[%clk 1:15:46]} Ne6
{[%clk 1:11:47]} 13. Be3 {[%clk 1:12:18]} Re8 {[%clk 1:07:49]} 14. Nb3
{[%clk 1:00:44]} a6 {[%clk 0:58:27]} 15. Qd2 {[%clk 0:59:14]} Nd7
{[%clk 0:47:42]} 16. Rac1 {[%clk 0:56:58]} Ne5 {[%clk 0:44:22]} 17. Qe2
{[%clk 0:52:40]} b5 {[%clk 0:43:57]} 18. Na5 {[%clk 0:52:36]} Bd7
{[%clk 0:36:41]} 19. cxb5 {[%clk 0:51:19]} cxb5 {[%clk 0:35:01]} 20. Rfd1
{[%clk 0:48:16]} Nc6 {[%clk 0:18:24]} 21. Nb3 {[%clk 0:34:25]} Bf8
{[%clk 0:04:28]} 22. f4 {[%clk 0:32:29]} a5 {[%clk 0:04:17]} 23. Nd5
{[%clk 0:30:52]} a4 {[%clk 0:04:02]} 24. Na5 {[%clk 0:31:15]} Nxa5
{[%clk 0:04:21]} 25. bxa5 {[%clk 0:31:43]} Bg7 {[%clk 0:03:50]} 26. Bb6
{[%clk 0:31:37]} Rxb6 {[%clk 0:03:17]} 27. axb6 {[%clk 0:31:43]} Bd4+
{[%clk 0:02:11]} 28. Rxd4 {[%clk 0:32:04]} Nxd4 {[%clk 0:02:38]} 29. Qb2
{[%clk 0:32:29]} Ne6 {[%clk 0:00:45]} 30. Nf6+ {[%clk 0:32:26]} Kf8
{[%clk 0:01:14]} 31. Nxh7+ {[%clk 0:32:40]} Kg8 {[%clk 0:01:41]} 32. Nf6+
{[%clk 0:32:56]} Kf8 {[%clk 0:02:10]} 33. Kh2 {[%clk 0:30:08]} Nc5
{[%clk 0:02:18]} 34. Nxe8 {[%clk 0:25:24]} Bxe8 {[%clk 0:02:28]} 35. Rxc5
{[%clk 0:25:28]} dxc5 {[%clk 0:02:42]} 36. Qh8+ {[%clk 0:25:56]} Ke7
{[%clk 0:02:57]} 37. Qe5+ {[%clk 0:26:23]} 1-0

[Event "Hoogeveen Open 2016"]
[Site "Hoogeveen"]
[Date "2016.10.22"]
[Round "9.17"]
[White "Mijnheer, Peter"]
[Black "Strating, Sybolt"]
[Result "0-1"]
[BlackElo "2276"]
[WhiteElo "2137"]
[LiveChessVersion "1.4.8"]

1. e4 {[%clk 1:30:57]} c6 {[%clk 1:30:53]} 2. d4 {[%clk 1:31:18]} d5
{[%clk 1:31:17]} 3. Nc3 {[%clk 1:31:44]} dxe4 {[%clk 1:31:39]} 4. Nxe4
{[%clk 1:32:04]} Nd7 {[%clk 1:32:00]} 5. Nf3 {[%clk 1:32:13]} Ngf6
{[%clk 1:32:16]} 6. Nxf6+ {[%clk 1:32:16]} Nxf6 {[%clk 1:32:25]} 7. h3
{[%clk 1:32:40]} e6 {[%clk 1:26:49]} 8. Bd3 {[%clk 1:31:36]} c5 {[%clk 1:26:12]}
9. O-O {[%clk 1:30:39]} cxd4 {[%clk 1:25:26]} 10. Nxd4 {[%clk 1:28:34]} Be7
{[%clk 1:21:49]} 11. c3 {[%clk 1:21:52]} O-O {[%clk 1:13:36]} 12. Bf4
{[%clk 1:19:43]} Nd5 {[%clk 1:08:02]} 13. Bg3 {[%clk 1:12:07]} a6
{[%clk 1:02:41]} 14. Qc2 {[%clk 1:02:53]} g6 {[%clk 0:59:43]} 15. Rad1
{[%clk 0:54:18]} Bf6 {[%clk 0:57:17]} 16. Nf3 {[%clk 0:53:36]} b5
{[%clk 0:38:50]} 17. a4 {[%clk 0:41:37]} Qa5 {[%clk 0:32:32]} 18. axb5
{[%clk 0:38:55]} axb5 {[%clk 0:30:44]} 19. Ne5 {[%clk 0:37:04]} Ne7
{[%clk 0:25:50]} 20. Be4 {[%clk 0:33:35]} Ra7 {[%clk 0:24:14]} 21. Ng4
{[%clk 0:22:07]} Bg7 {[%clk 0:23:38]} 22. Bb8 {[%clk 0:19:24]} f5
{[%clk 0:21:49]} 23. Bxa7 {[%clk 0:19:43]} Qxa7 {[%clk 0:22:02]} 24. Bf3
{[%clk 0:18:47]} fxg4 {[%clk 0:22:17]} 25. Bxg4 {[%clk 0:19:08]} Qb6
{[%clk 0:19:38]} 26. Qe4 {[%clk 0:17:58]} Nf5 {[%clk 0:18:04]} 27. Bxf5
{[%clk 0:11:51]} Rxf5 {[%clk 0:14:17]} 28. Qh4 {[%clk 0:11:24]} Bf6
{[%clk 0:08:58]} 29. Qg3 {[%clk 0:08:00]} Be7 {[%clk 0:09:08]} 30. Kh1
{[%clk 0:07:36]} e5 {[%clk 0:07:44]} 31. f3 {[%clk 0:06:22]} Be6 {[%clk 0:05:45]}
32. Rfe1 {[%clk 0:06:28]} Qc5 {[%clk 0:05:18]} 33. Re4 {[%clk 0:04:48]} Bd6
{[%clk 0:04:11]} 34. Qe1 {[%clk 0:04:59]} Bd5 {[%clk 0:04:27]} 35. Re2
{[%clk 0:04:25]} Bb3 {[%clk 0:04:53]} 36. Ra1 {[%clk 0:04:35]} Rf7
{[%clk 0:04:40]} 37. Rd2 {[%clk 0:04:04]} Kg7 {[%clk 0:04:04]} 38. Qe4
{[%clk 0:03:57]} Bc7 {[%clk 0:04:05]} 39. Re1 {[%clk 0:04:01]} Qc4
{[%clk 0:04:07]} 40. Qxc4 {[%clk 0:03:49]} Bxc4 {[%clk 0:04:12]} 41. Rb1
{[%clk 0:02:35]} Bb3 {[%clk 0:02:43]} 42. Ra1 {[%clk 0:02:47]} h5
{[%clk 0:29:16]} 43. Re1 {[%clk 0:20:30]} Kf6 {[%clk 0:25:34]} 44. Re4
{[%clk 0:20:05]} Bc4 {[%clk 0:25:10]} 45. Rd1 {[%clk 0:18:20]} Ke6
{[%clk 0:24:03]} 46. Ra1 {[%clk 0:16:46]} Rd7 {[%clk 0:18:05]} 47. Ra6+
{[%clk 0:11:16]} Rd6 {[%clk 0:17:56]} 48. Rxd6+ {[%clk 0:10:26]} Bxd6
{[%clk 0:17:32]} 49. g4 {[%clk 0:10:23]} Bd5 {[%clk 0:17:37]} 50. Re3
{[%clk 0:10:38]} hxg4 {[%clk 0:17:02]} 51. hxg4 {[%clk 0:10:57]} Bc5
{[%clk 0:17:17]} 0-1

[Event "Hoogeveen Open"]
[Site "Hoogeveen, Netherlands"]
[Date "2016.10.22"]
[Round "9.18"]
[White "Buckels, Valentin"]
[WhiteElo "2273"]
[Black "Schut, Han"]
[BlackElo "2128"]
[Result "1/2-1/2"]

1. d4 Nf6 2. c4 g6 3. Nf3 Bg7 4. g3 c6 5. Bg2 d5 6. O-O Ne4 7. Nc3 O-O 8. Qb3
dxc4 9. Qxc4 Bf5 10. Qb3 Qb6 11. Qa3 Na6 12. Nh4 Nxc3 13. bxc3 Be6 14. Bf4 Nc7
15. Qxe7 Nd5 16. Qa3 Nxf4 17. gxf4 Bc4 18. Rfe1 Rfe8 19. e3 Qd8 20. Nf3 Bd5 21.
Qb4 Rb8 22. c4 Bxf3 23. Bxf3 g5 24. f5 g4 25. Bg2 Qg5 26. Qa5 b6 27. Qxa7 c5
28. Rad1 cxd4 29. exd4 Rxe1+ 30. Rxe1 Rd8 31. d5 Qd2 32. Qe7 Bf6 33. Qe2 Qg5
34. Qd3 Rd7 35. a3 Rd8 36. d6 Qf4 37. d7 Bd4 38. Qe4 Qxe4 39. Rxe4 Rxd7 40.
Rxg4+ Kf8 41. Bd5 Bf6 42. Rg3 Re7 43. Kg2 Re1 44. Rd3 Ra1 45. Bc6 Be7 46. a4
Rc1 47. Bd5 Rc2 48. Kg3 Kg7 49. Rb3 Bc5 50. f6+ Kg8 51. Rf3 Ra2 52. Rf4 h6 53.
Bc6 Rc2 54. Bd5 Kh7 55. h4 Kg6 56. Rf3 Bd4 57. Kg2 Rc3 58. Rf4 Bc5 59. Bc6 h5
60. Be4+ Kh6 61. Bd5 Kg6 62. Re4 Rc2 63. Rf4 Rc3 64. Kf1 Ra3 65. Bc6 Ra2 66.
Rf3 Bd6 67. Be4+ Kh6 68. Rd3 Bc5 69. Rf3 Bd6 70. Bc6 Ra3 71. Rf5 Rh3 72. Rd5
Bb4 73. Rb5 Bc3 74. Rb3 Rd3 75. Kg2 Rd6 76. Rxc3 Rxc6 77. c5 bxc5 78. a5 Kg6
79. Rb3 c4 80. Rb6 Rc5 81. a6 Ra5 82. Kf3 c3 83. Ke2 Ra2+ 84. Kd3 c2 85. Kd2
Kf5 86. Kc1 Kg6 87. Rc6 Kf5 88. Rc7 Kxf6 89. a7 Kg6 90. Rc6+ f6 91. Rc7 Kh6 92.
Kd2 Kg6 93. f3 Kh6 94. Ke3 Rxa7 95. Rxc2 Ra4 96. f4 Kg6 97. Rc5 Ra3+ 98. Ke4
Ra4+ 99. Kf3 Ra3+ 100. Kg2 Ra2+ 101. Kg3 1/2-1/2

[Event "Hoogeveen Open"]
[Site "Hoogeveen, Netherlands"]
[Date "2016.10.22"]
[Round "9.19"]
[White "Van der Veen, Jan"]
[Black "Heemskerk, Wim"]
[Result "1/2-1/2"]
[WhiteElo "2059"]
[BlackElo "2243"]
[PlyCount "30"]
[EventDate "2016.??.??"]

1. e4 e6 2. d4 d5 3. Nc3 Bb4 4. exd5 exd5 5. Bd3 Nc6 6. Nge2 Nge7 7. O-O Bg4 8.
f3 Bh5 9. Nf4 Bg6 10. Nce2 Qd7 11. Nxg6 hxg6 12. Bf4 O-O-O 13. c3 Bd6 14. Qd2
$11 Nf5 15. Bxd6 Qxd6 1/2-1/2

[Event "Hoogeveen Open"]
[Site "Hoogeveen, Netherlands"]
[Date "2016.10.22"]
[Round "9.20"]
[White "Vroombout, Enrico"]
[Black "Clemens, Adrian"]
[Result "0-1"]
[WhiteElo "2190"]
[BlackElo "2162"]
[PlyCount "74"]
[EventDate "2016.??.??"]

1. e4 c5 2. Nf3 Nc6 3. d4 cxd4 4. Nxd4 e5 5. Nb5 d6 6. N1c3 a6 7. Na3 Be7 8.
Nd5 Nf6 9. Be3 Nxd5 10. exd5 Nd4 11. c4 O-O 12. Bxd4 exd4 13. Bd3 Bf6 14. O-O
Bd7 15. Re1 Qa5 16. Nc2 b5 17. cxb5 axb5 18. a3 Rac8 19. Qf3 Rfe8 20. Nb4 Qb6
21. Rxe8+ Rxe8 22. Rc1 Bg5 23. Rd1 g6 24. g3 Qc5 25. h4 h5 26. Rb1 Bg4 27. Qg2
Bd2 28. Qf1 Bxb4 29. axb4 Qxb4 30. Bxb5 Re7 31. Bd3 Bf3 32. b3 Bxd5 33. Qc1 Kg7
34. g4 hxg4 35. h5 Re5 36. hxg6 Rh5 37. f3 Bxf3 0-1

[Event "Hoogeveen Open"]
[Site "Hoogeveen, Netherlands"]
[Date "2016.10.22"]
[Round "9.21"]
[White "Sparenberg, Erik"]
[WhiteElo "2140"]
[Black "Dushyant Sharma"]
[BlackElo "2039"]
[Result "0-1"]

1. d4 Nf6 2. Nf3 e6 3. g3 d5 4. Bg2 Be7 5. O-O O-O 6. c4 dxc4 7. Qc2 c5 8. Qxc4
cxd4 9. Nxd4 e5 10. Nb3 Nc6 11. Nc3 Be6 12. Qb5 Qc7 13. Nc5 Bc8 14. Na6 Qd6 15.
Qa4 Nd4 16. e3 Bd7 17. Qd1 Bg4 18. f3 Bxf3 19. Bxf3 Nxf3+ 20. Qxf3 Qxa6 21. e4
Qb6+ 22. Kh1 Rac8 23. Qf5 Qe6 24. Qxe6 fxe6 25. Be3 a6 26. a3 Rc4 27. Bg5 h6
28. Bxf6 gxf6 29. Rfd1 Rd4 30. Kg2 Rfd8 31. Kf3 Rd2 32. Rab1 h5 33. Rxd2 Rxd2
34. Ne2 Rd3+ 35. Kg2 Rb3 36. Nc3 Bxa3 37. bxa3 Rxc3 38. Rxb7 Rxa3 39. Re7 Ra1
40. Rxe6 Kf7 41. Rb6 a5 42. Ra6 a4 43. Kh3 a3 44. Kh4 Kg6 45. Ra8 Rh1 46. Kh3
Ra1 47. Kh4 Ra2 48. Kh3 f5 49. Rg8+ Kh7 50. Re8 fxe4 51. Rxe5 Re2 52. Rxh5+ Kg6
53. Ra5 a2 54. Kg4 Rf2 55. h4 e3 56. h5+ Kf7 57. Ra7+ Ke6 58. h6 e2 59. Ra8 Kd7
60. h7 e1=Q 61. Rd8+ Kxd8 62. h8=Q+ Qe8 0-1

[Event "Hoogeveen Open"]
[Site "Hoogeveen, Netherlands"]
[Date "2016.10.22"]
[Round "9.22"]
[White "Hoffman, Ron"]
[WhiteElo "2074"]
[Black "Vardan Nagpal"]
[BlackElo "2117"]
[Result "1/2-1/2"]

1. c4 Nf6 2. Nc3 c5 3. Nf3 b6 4. e4 d6 5. d4 cxd4 6. Nxd4 Bb7 7. f3 a6 8. Be2
e6 9. O-O Nbd7 10. Be3 Qc7 11. Qd2 Be7 12. Rfc1 O-O 13. Bf1 Rfd8 14. Qf2 Bf8
15. b4 Rac8 16. Nb3 Ba8 17. Na4 Rb8 18. Bf4 Nh5 19. Be3 Nhf6 20. Bf4 Nh5 21.
Be3 Qb7 22. c5 bxc5 23. bxc5 dxc5 24. Naxc5 Nxc5 25. Nxc5 Bxc5 26. Rxc5 Nf6 27.
Rac1 Rbc8 28. Qc2 Rxc5 29. Qxc5 h6 30. Qc7 Rd7 31. Qc8+ Kh7 32. Bxa6 Qxc8 33.
Bxc8 Rd3 34. Re1 Ra3 35. Re2 Bc6 36. Rc2 Bxe4 37. Bc1 Bxc2 38. Bxa3 Bb1 39. Bb2
Bxa2 40. Bb7 Kg6 41. Ba6 Bb1 42. Kf2 Nd5 43. Bb5 Nf4 44. Bc3 f6 45. Be8+ Kh7
46. Bd7 e5 47. g3 Nd3+ 48. Ke3 Nc5 49. Bc6 Ba2 50. h4 Kg8 51. f4 exf4+ 52. Kxf4
Kf7 53. Bb5 Bd5 54. h5 Ne6+ 55. Ke3 Bb3 56. Bd3 Ng5 57. Bb4 Bd1 58. Bg6+ Kg8
59. Bd6 Nh7 60. Kf4 Nf8 61. Be8 Ne6+ 62. Kf5 Nd4+ 63. Ke4 Ne6 64. Kf5 Nf8 65.
Kf4 Bb3 66. g4 Be6 67. Bb5 Kf7 68. Bd3 Bb3 69. Bf5 Bc4 70. Kf3 Be6 71. Bxf8
Bd5+ 72. Kf4 Kxf8 73. Bd3 Be6 74. Bc2 Ke7 75. Bd3 Kd6 76. Be4 Kc5 77. Bf3 Kd4
78. Bd1 Kd3 79. Bf3 Kd4 80. Bd1 Bf7 81. Bc2 1/2-1/2

[Event "Hoogeveen Open"]
[Site "Hoogeveen, Netherlands"]
[Date "2016.10.22"]
[Round "9.23"]
[White "Vogel, Jaap"]
[WhiteElo "2134"]
[Black "Nguyen, Kevin"]
[BlackElo "2185"]
[Result "1/2-1/2"]

1. d4 Nf6 2. Nf3 g6 3. g3 Bg7 4. Bg2 O-O 5. O-O d6 6. c4 c5 7. dxc5 dxc5 8. Nc3
Nc6 9. Bf4 Qa5 10. Ne5 Nd4 11. Nd3 Rd8 12. Bd2 Qc7 13. Bf4 Qa5 14. Bd2 Qa6 15.
Nd5 Nxd5 16. cxd5 b6 17. Bc3 Bb7 18. e3 Nf5 19. Bxg7 Nxg7 20. Nf4 Rd7 21. Qb3
Rad8 22. h4 Ne8 23. e4 Qa5 24. Rfe1 Rc7 25. Rad1 c4 26. Qc3 Qxc3 27. bxc3 Rc5
28. e5 Bc8 29. Bf3 Kf8 30. g4 Nc7 31. Rd2 Nb5 32. Re3 Bb7 33. Kg2 Kg7 34. g5
Nc7 35. d6 Bxf3+ 36. Kxf3 exd6 37. exd6 Nb5 38. d7 Rc7 39. Rd4 a6 40. a4 Na7
41. Re6 b5 42. Rxa6 Rcxd7 43. Rxd7 Rxd7 44. axb5 Nxb5 45. Rc6 Nxc3 46. Rxc4 Nb5
47. Rb4 Nd4+ 48. Kg4 h5+ 49. gxh6+ Kxh6 50. Rb6 Kg7 51. h5 f5+ 52. Kg3 gxh5 53.
Nxh5+ Kf7 54. Kf4 Re7 55. f3 Re6 56. Rxe6 Kxe6 57. Ng7+ Kf6 58. Nxf5 Nxf5
1/2-1/2

[Event "Hoogeveen Open"]
[Site "Hoogeveen, Netherlands"]
[Date "2016.10.22"]
[Round "9.26"]
[White "Van Randtwijk, Mick"]
[Black "Cornelisse, John"]
[Result "0-1"]
[WhiteElo "1932"]
[BlackElo "2131"]
[PlyCount "88"]
[EventDate "2016.??.??"]

1. e4 e5 2. Nf3 Nc6 3. Bb5 a6 4. Ba4 Nf6 5. d3 d6 6. c3 g6 7. Bg5 h6 8. Bh4 Be7
9. O-O g5 10. Bg3 g4 11. Nfd2 Nh5 12. Re1 Bg5 13. d4 b5 14. Bb3 Nf4 15. Bd5 Bd7
16. Nb3 Rb8 17. Bxc6 Bxc6 18. Qxg4 h5 19. Qd1 Qf6 20. Bxf4 Bxf4 21. g3 Qg6 22.
Qf3 h4 23. dxe5 dxe5 24. Nc5 hxg3 25. hxg3 Rh3 26. Qg2 Qh5 27. gxf4 exf4 28.
Nd2 Ke7 29. Kf1 Rh1+ 30. Qxh1 Qxh1+ 31. Ke2 Qh5+ 32. Nf3 Qxc5 33. Nd4 Bd7 34.
Red1 Qh5+ 35. Kd2 c5 36. Ne2 Qf3 37. Re1 Bg4 38. Rad1 Qxf2 39. Rf1 Rd8+ 40. Kc1
Qe3+ 41. Kb1 Rxd1+ 42. Rxd1 Bxe2 43. Rc1 Bd3+ 44. Rc2 Qe1# 0-1

[Event "Hoogeveen Open"]
[Site "Hoogeveen, Netherlands"]
[Date "2016.10.22"]
[Round "9.27"]
[White "Van der Raaf, Erik"]
[Black "Wedda, Dries"]
[Result "1-0"]
[WhiteElo "2117"]
[BlackElo "1994"]
[PlyCount "55"]
[EventDate "2016.??.??"]

1. e4 c5 2. Nf3 d6 3. d4 cxd4 4. Qxd4 a6 5. h3 Nc6 6. Qe3 e6 7. c4 Be7 8. Be2
Nf6 9. O-O O-O 10. Nc3 Qc7 11. b3 Rd8 12. Bb2 d5 13. cxd5 exd5 14. Nxd5 Nxd5
15. exd5 Nb4 16. Rac1 Qd7 17. Rfd1 Nxd5 18. Rxd5 Qxd5 19. Qxe7 b5 20. Rd1 Qxd1+
21. Bxd1 Rxd1+ 22. Kh2 Be6 23. Qg5 f6 24. Bxf6 Ra7 25. Qe3 Rf7 26. Qxe6 gxf6
27. Ne5 fxe5 28. Qg4+ 1-0

[Event "Hoogeveen Open"]
[Site "Hoogeveen, Netherlands"]
[Date "2016.10.22"]
[Round "9.28"]
[White "Boersma, Jan"]
[Black "Taams, Sander"]
[Result "1-0"]
[WhiteElo "2099"]
[BlackElo "1857"]
[PlyCount "57"]
[EventDate "2016.??.??"]

1. e4 c5 2. Nc3 Nc6 3. Nge2 e6 4. g3 Nge7 5. Bg2 g6 6. d4 cxd4 7. Nxd4 Bg7 8.
Ndb5 O-O 9. O-O b6 10. Bf4 Ba6 11. Re1 Bxb5 12. Nxb5 d5 13. exd5 Nxd5 14. Bd6
Re8 15. c4 Bxb2 16. cxd5 Nd4 17. Nxd4 Bxa1 18. Ba3 Bxd4 19. Qxd4 exd5 20. Rxe8+
Qxe8 21. Bb2 Kf8 22. Bxd5 Rd8 23. Qg7+ Ke7 24. Qf6+ Kf8 25. Ba3+ Kg8 26. Bxf7+
Qxf7 27. Qxd8+ Kg7 28. Bb2+ Kh6 29. Qh4# 1-0

[Event "Hoogeveen Open"]
[Site "Hoogeveen, Netherlands"]
[Date "2016.10.22"]
[Round "9.29"]
[White "Slingerland, Fred"]
[WhiteElo "2344"]
[Black "Kokje, Joris"]
[BlackElo "2126"]
[Result "1/2-1/2"]

1. e4 c5 2. Nf3 d6 3. d4 cxd4 4. Nxd4 Nf6 5. Nc3 Nc6 6. Be2 g6 7. Nb3 Bg7 8.
O-O O-O 9. Re1 a6 10. Bf1 b5 11. Nd5 Bb7 12. a4 Nxd5 13. exd5 Nb4 14. axb5 axb5
15. Rxa8 Bxa8 16. Bxb5 Nxd5 17. Qe2 e5 18. Bd2 Nf4 19. Bxf4 exf4 20. c3 f3 21.
Qe7 Qb6 22. Ba4 Bd5 23. Nd4 Bxd4 24. cxd4 Qxd4 25. Bb5 Qxb2 26. Bf1 fxg2 27.
Bxg2 Bxg2 28. Kxg2 Qd4 29. Re4 Qd5 30. f3 Ra8 31. Qf6 Qh5 32. Kg3 Qc5 33. Re7
Rf8 34. Kg2 Qc2+ 35. Kg3 Qc5 36. Kg2 Qc2+ 37. Kg3 Qd1 38. Kg2 Qd2+ 39. Kg3 d5
40. Qe5 h5 41. Rd7 Qd1 42. Rxd5 Qg1+ 43. Kh3 Qf1+ 44. Kg3 h4+ 45. Kxh4 Qxf3 46.
Rb5 Kh7 47. Qg3 Qe2 48. Re5 Qd1 49. Qg4 Qd6 50. Qf4 Kg7 51. Re4 Qd3 52. Qe3
Rh8+ 53. Kg3 Qd6+ 54. Qf4 Qxf4+ 55. Rxf4 Ra8 56. Rf3 Ra4 57. Rb3 g5 58. Rc3 Kg6
59. Rb3 Kh5 60. Rb7 Ra3+ 61. Kg2 Kg6 62. Rb4 f5 63. Rb5 Ra2+ 64. Kg3 Ra3+ 65.
Kg2 Ra2+ 66. Kg3 f4+ 67. Kg4 Rg2+ 68. Kh3 Re2 69. Rxg5+ Kxg5 1/2-1/2

[Event "Hoogeveen Open"]
[Site "Hoogeveen, Netherlands"]
[Date "2016.10.22"]
[Round "9.30"]
[White "De Boer, Bas"]
[Black "Hulshof, Peter"]
[Result "1/2-1/2"]
[WhiteElo "2149"]
[BlackElo "2223"]
[PlyCount "20"]
[EventDate "2016.??.??"]

1. d4 g6 2. c4 Bg7 3. e4 d6 4. Nc3 c6 5. Be3 Nf6 6. Be2 O-O 7. Nf3 Bg4 8. O-O
Nbd7 9. Nd2 Bxe2 10. Qxe2 e5 1/2-1/2

[Event "Hoogeveen Open"]
[Site "Hoogeveen, Netherlands"]
[Date "2016.10.22"]
[Round "9.31"]
[White "Roebers, Jan"]
[WhiteElo "2151"]
[Black "Hendriks, Richard"]
[BlackElo "2122"]
[Result "0-1"]

1. e4 e5 2. Nf3 Nc6 3. Bb5 f5 4. d3 fxe4 5. dxe4 Nf6 6. Qd3 Bb4+ 7. c3 Bc5 8.
Nbd2 a6 9. Bxc6 bxc6 10. Nxe5 Qe7 11. Nef3 d5 12. e5 Ng4 13. O-O O-O 14. Nb3
Bb6 15. Nbd4 Nxe5 16. Nxe5 Qxe5 17. Nxc6 Qf6 18. Qxd5+ Be6 19. Qe4 Bxf2+ 20.
Kh1 Rae8 21. Bd2 Kh8 22. Nb4 Bh3 23. Nd5 Qc6 24. Qd3 Bf5 25. Ne7 Bxd3 26. Nxc6
Bxf1 27. Rxf1 Re2 28. Bg5 Rfe8 29. g3 Rxb2 30. a4 Re1 31. Rxe1 Bxe1 32. Bf4 Rc2
33. Nb4 Rxc3 34. Nxa6 c5 35. Kg1 Rc2 36. Kf1 Bb4 37. h4 Ra2 38. Be3 Rxa4 39.
Bxc5 Ra1+ 40. Ke2 Ra2+ 41. Kf3 Rxa6 42. Bxb4 Rb6 43. Bc5 Rb5 44. Bd4 h5 45. Ke4
Kg8 46. Be5 Kf7 47. Kf5 g6+ 48. Kf4 Ke6 49. Bc7 Rb7 50. Ba5 Rf7+ 51. Ke4 Ra7
0-1

[Event "Hoogeveen Open"]
[Site "Hoogeveen, Netherlands"]
[Date "2016.10.22"]
[Round "9.33"]
[White "Kouwenhoven, Derk"]
[Black "Mellema, Andries"]
[Result "0-1"]
[WhiteElo "1964"]
[BlackElo "2143"]
[PlyCount "99"]
[EventDate "2016.??.??"]

1. e4 e6 2. d4 b6 3. Nf3 Bb7 4. Bd3 Nf6 5. Nbd2 c5 6. O-O c4 7. Bxc4 Nxe4 8.
Nxe4 Bxe4 9. d5 Qc7 10. Qe2 Bxf3 11. Qxf3 Qxc4 12. dxe6 fxe6 13. Qxa8 Bd6 14.
Be3 O-O 15. Qb7 Qxc2 16. Rad1 Qc7 17. Qxc7 Bxc7 18. Rd2 Rc8 19. f4 g6 20. Rc1
g5 21. Kf1 gxf4 22. Bxf4 Nc6 23. Bxc7 Rxc7 24. Kf2 Kf7 25. b4 b5 26. Kg3 Ke7
27. Rc5 d5 28. Rxb5 Kd6 29. Rc2 Rg7+ 30. Kf2 Nd4 31. Rcc5 Nxb5 32. Rxb5 e5 33.
g3 Rc7 34. Ra5 e4 35. Ke3 Ke5 36. a4 Rc2 37. h4 h5 38. Rb5 Rg2 39. a5 a6 40.
Rc5 Rxg3+ 41. Kf2 Rb3 42. Rc6 Rxb4 43. Rxa6 Rb2+ 44. Ke1 Kd4 45. Rd6 Ra2 46. a6
e3 47. Kd1 Ke4 48. Re6+ Kd3 49. Kc1 e2 50. Kb1 0-1

[Event "Hoogeveen Open"]
[Site "Hoogeveen, Netherlands"]
[Date "2016.10.22"]
[Round "9.34"]
[White "Bensaid, Simon"]
[Black "Schoehuijs, Erik"]
[Result "0-1"]
[WhiteElo "1983"]
[BlackElo "2169"]
[PlyCount "74"]
[EventDate "2016.??.??"]

1. e4 e5 2. Nf3 Nc6 3. Bb5 Nf6 4. O-O Nxe4 5. Re1 Nd6 6. Nxe5 Be7 7. Bf1 Nxe5
8. Rxe5 O-O 9. d4 Bf6 10. Re1 Re8 11. Rxe8+ Nxe8 12. Bf4 d5 13. c3 c6 14. Nd2
Bf5 15. Qe2 Be7 16. Re1 Kf8 17. Qe3 Nd6 18. Bd3 Bxd3 19. Qxd3 Kg8 20. Re3 Qd7
21. Nf3 f6 22. Nd2 Bf8 23. Rh3 Qf5 24. Qxf5 Nxf5 25. g4 Nd6 26. Re3 Kf7 27. Rh3
h6 28. Re3 a5 29. a4 b5 30. axb5 cxb5 31. Re1 a4 32. Kf1 g5 33. Bg3 Rc8 34. Re3
b4 35. cxb4 Rc2 36. Ke1 Rxb2 37. Kd1 Nb5 0-1

[Event "Hoogeveen Open"]
[Site "Hoogeveen, Netherlands"]
[Date "2016.10.22"]
[Round "9.35"]
[White "Elgersma, Simon"]
[Black "Hilwerda, Jonas"]
[Result "1-0"]
[WhiteElo "2084"]
[BlackElo "2013"]
[PlyCount "101"]
[EventDate "2016.??.??"]

1. e4 e5 2. Nf3 Nc6 3. Bb5 a6 4. Ba4 Nf6 5. d3 d6 6. c3 g6 7. O-O Bg7 8. Re1
O-O 9. h3 h6 10. d4 Bd7 11. Nbd2 Re8 12. Bc2 Nh5 13. Nf1 Nf4 14. Ng3 g5 15. Be3
Qc8 16. Nh2 Ne7 17. Nh5 Neg6 18. Bxf4 Nxf4 19. Nxf4 gxf4 20. d5 Kh7 21. Qh5 f6
22. Nf3 Rg8 23. Nh4 Bf8 24. Kh2 Rg5 25. Qf3 Be8 26. Bd1 Bg6 27. Nxg6 Rxg6 28.
Qh5 Rg5 29. Qf7+ Rg7 30. Qh5 Rg5 31. Qf7+ Rg7 32. Qxf6 Be7 33. Qf5+ Qxf5 34.
exf5 Bh4 35. Bc2 Rg5 36. Rf1 Kg7 37. Be4 Kf6 38. c4 a5 39. c5 Ke7 40. Rac1 dxc5
41. Rxc5 Kd6 42. Rfc1 Rg7 43. Rb5 Bxf2 44. Rxb7 Ra6 45. Rb8 Rb6 46. Rxb6+ Bxb6
47. Rc6+ Kd7 48. f6 Rg8 49. Bf5+ Kd8 50. Re6 f3 51. gxf3 1-0